000 00382nam a2200157Ia 4500
008 230711s9999||||xx |||||||||||||| ||und||
041 _aENG
082 _a620.1
_bAU-A
100 _aAulakh,GS
245 0 _aEagles's Applied mechanics
250 _a8th Ed.
260 _c2012
_aJalandhar
_bEagles Prakashan Regd
300 _a312p.
650 _aMechanical Engineering
942 _cBK
999 _c7664
_d7664